00438cam a22001217a 4500008004000000100003200040245008300072260003800155300000900193650002100202999001900223952007400242180718b1992 xxu||||| |||| 00| 0 eng d aPathak, Vishavambher Sharan aDesh ke abhidhan Bharat-hindu-india kee nirukticby Vishavambher Sharan Pathak aGaurakhPurbPoorva Sansthanc1992 a59p. aDesh ke abhidhan c439330d439330 00104070aIIPAbIIPAd2010-04-27p69011r2018-07-21w2018-07-21yBK